Science Quiz

Random Science or Plants Quiz

Animal, Vegetable, Mineral Sorting Blitz Quiz Stats

 Plays Quiz Updated Aug 19, 2017

     
Support Sporcle.
Go Orange.
Score 0/36 Timer 01:30
6 Plays Today
% Correct
Alligator
88.3%
Giraffe
88.2%
Shark
87.7%
Scorpion
86.3%
Cougar
85.9%
Eel
85.3%
Vulture
85%
Broccoli
84.6%
Orca
84.3%
Carrot
84%
Centipede
83.9%
Manatee
83.6%
Quartz
83.4%
Spinach
83.4%
Cabbage
83.1%
Zucchini
82.6%
Topaz
81.9%
Calcite
80.4%
% Correct
Fluorite
80.3%
Flounder
80.2%
Condor
80%
Rhubarb
80%
Parsnip
79.7%
Talc
79.1%
Capybara
77.1%
Gypsum
75.1%
Adder
75%
Skink
73.7%
Rutabaga
70.3%
Pangolin
69.9%
Apatite
68.7%
Endive
64.5%
Nautilus
63.9%
Corundum
60.4%
Quetzal
58.1%
Orthoclase
52.5%

From the Vault

1960s Literature Match

by khands

These books are timeless regardless of what decade they are from.
Remove Ads.
Support Sporcle.
Get the best of Sporcle when you Go Orange. This ad-free experience offers more features, more stats, and more fun while also helping to support Sporcle. Thank you for becoming a member.

Show Comments

Extras

Top Quizzes Today


Score Distribution

Your Account Isn't Verified!

In order to create a playlist on Sporcle, you need to verify the email address you used during registration. Go to your Sporcle Settings to finish the process.

Report this User

Report this user for behavior that violates our Community Guidelines.

Details: